000 00938nam a22002537a 4500
999 _c20796
_d20796
003 AR-CdUCM
008 190604b ||||| |||| 00| 0 spa d
040 _aMUNICIPALIDAD PROVINCIAL DEL CUSCO
_cBIBLIOTECA MUNICIPAL DEL CUSCO
041 _hita
082 _a927.8 /
_bR79
100 _aRolland, Romain
_910292
245 _aBeethoven las grandes épocas creadora :
_b I de la Heroíca a la Appassionata /
260 _aParís :
_bEdit. Literarias,
_c1929.
300 _a231 páginas ;
_bMúsica,
_c20 cm.
440 _a1
_99124
500 _aTomo primero
505 _aContenido: t.1: Mil ochocientos -- La heroica -- La appassionata -- t.2: Leonora -- Advertencia al lector -- La sordera de Beethoven...
650 _aMusica
_91443
650 _aBeethoven, Ludwig van, 1770-1827.
_943294
650 _aArte y Literatura
_97783
700 _aBarroso, Mateo H.(traducción)
_943435
942 _2ddc
_cLIBROS
945 _aJavier